Datum a čas kvízu
40.5
Celkem bodů
Celkový počet nahraných bodů na tomto kvízu bez doplňovacích otázek.
6.
Pořadí na kvízu
Konečné umístění týmu na tomto kvízu.
Zaznamenané odpovědi
| # | Otázka | Odpověď | Body | Výsledky |
|---|---|---|---|---|
| 1. | Jaroslav Foldyna z ČSSD si na... | 1 | ||
| 2. | V centru Paříže se v sobotu se... | 0 | ||
| 3. | Jak se jmenuje známá osobnost,... | 1 | ||
| 4. | Evropské nezávislé konsorcium,... | 0 | ||
| 5. | Real Madrid dostal v závěrečné... | 0 | ||
| 6. | Co ukradli Františku Loukovi n... | 1 | ||
| 7. | Student Plha potká ve filmu Ma... | 0 | ||
| 8. | Jak se jmenují pletichářští rá... | 0 | ||
| 9. | Mladší příslušník žadoní ve fi... | 0 | ||
| 10. | „Hele, Hanko, já ti musim něco... | 1 |